| 000 | 00808nam a22002297a 4500 | ||
|---|---|---|---|
| 999 |
_c11156 _d11156 |
||
| 003 | AR-CdUCM | ||
| 008 | 190403b ||||| |||| 00| 0 spa d | ||
| 040 |
_aMUNICIPALIDAD PROVINCIAL DEL CUSCO _cBIBLIOTECA MUNICIPAL DEL CUSCO |
||
| 082 |
_a346.61 / _bP79 / 1944 |
||
| 100 |
_aPothier, Robert J. _928356 |
||
| 245 | _aTratado de los contratos / | ||
| 260 |
_aBuenos Aires : _bAtalaya, _c1944. |
||
| 300 |
_a2 tomos ; _c29 cm. |
||
| 505 | _a Contenido : t.1. Tratado del contrato de venta -- t.2. Tratado de los retractos y tratado del contrato de arrendamiento de renta. | ||
| 650 |
_aRetracto gentilicio _928357 |
||
| 650 |
_aDerecho y leyes _928358 |
||
| 650 |
_aRenta vitalicia _928359 |
||
| 650 |
_aGastos legĂtimos _928360 |
||
| 650 |
_aReembolso _928361 |
||
| 942 |
_2ddc _cLIBROS |
||
| 945 | _awnts | ||